| 000 | 00728nam a2200229Ia 4500 | ||
|---|---|---|---|
| 020 | _a 1863201718 | ||
| 020 | _a 9781863201711 | ||
| 040 | _cOSU | ||
| 082 | _a632 HIG 1996 C342 Or. | ||
| 100 | _a E. Highley | ||
| 245 | 1 | 0 |
_a Mycotoxin contamination in grains : _bpapers presented at the 17th ASEAN Technical Seminar on Grain Postharvest Technology, Lumut, Malaysia, 25-27 July 1995/ |
| 246 | 3 | 0 | _aPriorities for the nineties |
| 246 | 3 | 0 | _aProceedings of the twelfth ASEAN Seminar on Grain Postharvest Technology |
| 300 |
_a 145 pages : _billustrations ; _c 24 cm |
||
| 650 | 0 | _aGrain | |
| 650 | 0 | _aGrain | |
| 650 | 0 | _aGrain | |
| 650 | 0 | _aGrain | |
| 700 | 1 | _aNaewbanij, J. O. | |
| 710 | 2 | _aASEAN. | |
| 942 | _cAEDBB | ||
| 999 |
_c22529 _d22529 |
||